| 000 | 00585nam a2200193 a 4500 | ||
|---|---|---|---|
| 001 | 000019322 | ||
| 005 | 20200929170000.0 | ||
| 008 | 100624s1970 gw 000 0 ger d | ||
| 040 |
_aDO-SdBNP _bspa _cBNPHU |
||
| 082 |
_a972.91 _bW641r |
||
| 100 | 1 |
_aWidmann, Carlos, _d1938- _941550 |
|
| 245 | 1 | 0 |
_aReport aus Cuba / _cCarlos Widmann. |
| 260 |
_aGermany : _bPaul List Verlag, _c1970. |
||
| 300 |
_a150, [2] p. ; _c21 cm. |
||
| 650 | 4 |
_aCuba _xHistoria _xRevolución, 1959 _941551 |
|
| 650 | 4 |
_aReportajes _xHistoria _xSiglo xx _941552 |
|
| 910 | _aCatalogación original | ||
| 049 | _aBNGR | ||
| 999 |
_c18839 _d18839 |
||